00676nam a2200157 a 450000100100000000500170001000800410002704000250006810000340009324501440012726000710027130000190034250000320036195201080039399900170050100003420820200930070852.0110928s1935 sp 000 0 spa d aDO-SdBNPbspacBNPHU1 aGómez, Manuel Ubaldo95470710aRepertorio alfabético de la jurisprudencia dominicana :bsentencias de la Suprema Corte de Justicia (1908-1933) /cMl. Ub. Gómez, hijo. aMallorca, :bTalleres gráficos de Fernando Soler Queralt,c1935. av. 1 ;c20 cm. aLa Biblioteca posee el v. 1 001050718MOaGRbGRcCTd2011-09-28iLF1l0ov. 1p34208-10r2020-06-25w2020-06-25y1ZNo se presta c33699d33699